Catálogo
Digital

Catálogo
Digital

Género y desarrollo (Record no. 14095)

MARC details
000 -CABECERA
campo de control de longitud fija 01331nam a2200325 4500
003 - IDENTIFICADOR DEL NÚMERO DE CONTROL
campo de control EC-UNACH
005 - FECHA Y HORA DE LA ÚLTIMA TRANSACCIÓN
campo de control 20251027153005.0
006 - CÓDIGOS DE INFORMACIÓN DE LONGITUD FIJA--CARACTERÍSTICAS DEL MATERIAL ADICIONAL
campo de control de longitud fija s||||gr|||| 00| 00
008 - DATOS DE LONGITUD FIJA--INFORMACIÓN GENERAL
campo de control de longitud fija 150116t9999 mx r gr 000 0 spa d
040 ## - FUENTE DE LA CATALOGACIÓN
Centro catalogador/agencia de origen EC-UNACH
Centro/agencia transcriptor EC-UNACH
041 ## - CÓDIGO DE LENGUA
Código de lengua del texto/banda sonora o título independiente spa
082 04 - NÚMERO DE LA CLASIFICACIÓN DECIMAL DEWEY
Número de edición 23
Número de clasificación L018306
Número de documento/Ítem 305.42
100 ## - ENTRADA PRINCIPAL--NOMBRE DE PERSONA
Nombre de persona Cipriani, Serena
245 ## - MENCIÓN DE TÍTULO
Título Género y desarrollo
Resto del título Más de una década de cooperación española por los derechos de las mujeres en Ecuador
264 ## - Producción, publicación, distribución, fabricación y copyright
Lugar de producción, publicación, distribución, fabricación Quito - Ecuador
Nombre del de productor, editor, distribuidor, fabricante Edición Agencia Española de Cooperación Internacional para el Desarrollo
Fecha de de producción, publicación, distribución, fabricación o copyright 2017
300 ## - DESCRIPCIÓN FÍSICA
Extensión 129 páginas
Dimensiones 24 x 24 cm
501 ## - NOTA DE "CON"
Nota de “Con” Incluye índice
505 ## - NOTA DE CONTENIDO CON FORMATO
Nota de contenido con formato La igualdad de género en Ecuador -- Género en Desarrollo en la Cooperación Española: teoría y práctica de la intervención -- Iniciativas de género de la Coopración Española: un compromiso con la igualdad en Ecuador -- Conclusiones y pasos a seguir.<br/>
650 ## - PUNTO DE ACCESO ADICIONAL DE MATERIA--TÉRMINO DE MATERIA
Término de materia o nombre geográfico como elemento inicial IGUALDAD DE GÉNERO
650 ## - PUNTO DE ACCESO ADICIONAL DE MATERIA--TÉRMINO DE MATERIA
Término de materia o nombre geográfico como elemento inicial DERECHOS DE LAS MUJERES
650 ## - PUNTO DE ACCESO ADICIONAL DE MATERIA--TÉRMINO DE MATERIA
Término de materia o nombre geográfico como elemento inicial INSTRUMENTOS DE COOPERACIÓN
650 ## - PUNTO DE ACCESO ADICIONAL DE MATERIA--TÉRMINO DE MATERIA
Término de materia o nombre geográfico como elemento inicial MECANISMOS DE COORDINACIÓN
650 ## - PUNTO DE ACCESO ADICIONAL DE MATERIA--TÉRMINO DE MATERIA
Término de materia o nombre geográfico como elemento inicial SISTEMATIZACIÓN
700 ## - PUNTO DE ACCESO ADICIONAL--NOMBRE DE PERSONA
Nombre de persona Fanjul, Mario
Término indicativo de función/relación Autor
700 ## - PUNTO DE ACCESO ADICIONAL--NOMBRE DE PERSONA
Nombre de persona Moreno, Verónica
Término indicativo de función/relación Autor
942 ## - ELEMENTOS DE PUNTO DE ACCESO ADICIONAL (KOHA)
Fuente del sistema de clasificación o colocación Clasificación Decimal Dewey
Tipo de ítem Koha Libros
999 ## - NÚMEROS DE CONTROL DE SISTEMA (KOHA)
Koha biblionumber 14095
Holdings
Estado de pérdida Fuente del sistema de clasificación o colocación Estado dañado No para préstamo Localización permanente Ubicación/localización actual Ubicación en estantería Fecha de adquisición Fuente de adquisición Número de inventario Total de préstamos Signatura topográfica completa Código de barras Fecha visto por última vez Número de copia Precio válido a partir de Tipo de ítem Koha Centro de costos
  Clasificación Decimal Dewey     Biblioteca Campus Norte Biblioteca Campus Norte Administración de Empresas 27/10/2025 Libros por Donación 40022099   305.42 CIP L018306 L018306 27/10/2025 Ejemplar 01 27/10/2025 Libros  

Powered by Koha